[Event "Damen-WM"]
[Site "Nalchik RUS"]
[Date "2008.09.14"]
[Round "6.1"]
[White "Hou Yifan"]
[Black "Kosteniuk, Alexandra"]
[Result "0-1"]
[WhiteElo "2557"]
[BlackElo "2510"]
[PlyCount "96"]
[EventDate "2008.09.14"]
[Source "Mark Crowther"]
[SourceDate "2008.01.14"]

{C90: Spanische Partie (Abweichungen von der Hauptvariante)} 1. e4 e5 2. Nf3
Nc6 3. Bb5 a6 4. Ba4 Nf6 5. O-O Be7 6. Re1 b5 7. Bb3 O-O 8. a3 d6 9. c3 Bg4 (
9... Nd7 10. d4 Nb6 11. Nbd2 Bf6 12. d5 Na5 13. Ba2 c6 14. dxc6 Qc7 15. Nf1
Qxc6 16. Ng3 Nac4 17. Nh5 Be7 18. b3 Na5 19. Qd2 f6 20. c4 Nb7 21. cxb5 axb5
22. b4+ Nc4 23. Nh4 Rf7 24. Qd3 {Vasiukov,E (2575)-Tukmakov,V (2560)/Moscow
1972/1/2-1/2}) 10. d3 (10. h3 Bh5 11. d3 d5 12. g4 dxe4 13. gxh5 exf3 14. Qxf3
Qd7 15. h6 g6 16. Bg5 e4 17. dxe4 Nh5 18. Rd1 Ne5 19. Qg2 Qe8 20. Be3 Rd8 21.
Nd2 Qc6 22. Nf1 Bc5 23. Bd5 Qf6 24. Kh1 Bxe3 {Djuric,S (2460)-Vijayalakshmi,S 
(2424)/Cutro 2007/0-1}) 10... Na5 11. Bc2 c5 12. h3 $146 (12. Nbd2 Nc6 13. Nf1
Qc7 14. h3 Bd7 15. Ne3 b4 16. axb4 cxb4 17. c4 Rfb8 18. Nd5 Nxd5 19. exd5 Nd8
20. b3 f5 21. Nh2 Bf6 22. Ra2 a5 23. f4 Qb7 24. Bb2 a4 25. Bb1 Nf7 26. Nf3 axb3
{Zednik,Z (1845)-Soutner,J (1755)/Klatovy 1998//0-1}) 12... Bd7 (12... Be6 13.
Nbd2 $11) 13. d4 Qc7 (13... cxd4 14. cxd4 Rc8 15. Bd2 $11) 14. d5 (14. b4 Nc4
15. bxc5 dxc5 16. dxe5 Nxe5 $14) 14... c4 15. Nbd2 Nb7 16. Nf1 Nc5 17. g4 h5
18. N3h2 hxg4 19. hxg4 Qc8 20. f3 Nh7 21. Ng3 Bg5 22. Nf5 Qd8 23. Kg2 g6 (23...
Qf6 24. Bxg5 Nxg5 25. Rh1 $15) 24. Ng3 (24. Nxd6 $5 Qb6 25. Nf5 gxf5 26. gxf5
$15) 24... Kg7 $17 25. Rh1 Rh8 26. Nhf1 Qf6 27. Be3 Bxe3 28. Nxe3 Ng5 29. Qe2
Rag8 30. Raf1 Qf4 31. Rxh8 $2 (31. Qf2 $142 $17) 31... Rxh8 $19 (31... Kxh8 $6
32. Rh1+ Kg7 33. Qf2 $15) 32. Rh1 (32. Qf2 Nd3 33. Bxd3 cxd3 $19) 32... Rxh1
33. Nxh1 Nd3 $1 34. Bxd3 cxd3 35. Qf2 d2 $1 36. Ng3 (36. Qxd2 Qxf3+ 37. Kg1
Nxe4 38. Qc1 Bxg4 39. Ng2 Bh3 40. Qf1 Qg4 41. Nf2 Qxg2+ 42. Qxg2 Bxg2 43. Kxg2
Nxf2 44. Kxf2 e4 $19) 36... Nxf3 $1 37. Qxf3 Bxg4 $1 38. Qf2 (38. Nxg4 Qxf3+
39. Kxf3 d1=Q+) (38. Qxg4 Qxg4 39. Nxg4 d1=Q) (38. -- Qxf3+ 39. Kh2 Qf2+ 40.
Ng2 d1=Q 41. Ne2 Qdxe2) 38... d1=Q 39. Nxd1 Bxd1 40. Qe1 (40. Qf1 Bc2 41. Qe2
$19) 40... Bf3+ 41. Kg1 f5 42. exf5 (42. Qf2 fxe4 43. Nf1 Qg4+ 44. Qg3 Qxg3+
45. Nxg3 e3 $19) 42... gxf5 43. Qf2 Kg6 44. b3 e4 45. c4 (45. Qh2 Qe3+ 46. Qf2
Qc1+ 47. Qf1 Qxc3 48. Qf2 Qc1+ 49. Qf1 Qxa3 50. Qf2 $19) 45... bxc4 46. bxc4
Qg5 47. c5 (47. Kf1 Qc1+ 48. Qe1 Qxc4+ 49. Kg1 $19) 47... f4 48. cxd6 (48. Kf1
fxg3 49. Qc2 g2+ 50. Kg1 Qe3+ 51. Qf2 Qc1+ 52. Kh2 Qh1+ 53. Kg3 g1=Q+ 54. Qxg1
Qxg1+ 55. Kh3 Qg2+ 56. Kh4 Qh2#) 48... fxg3 (48... fxg3 49. Qc2 Qh4 50. Qg2
Bxg2 51. Kxg2 Qh2+ 52. Kf1 Qf2#) 0-1

[Event "Grand Slam Final"]
[Site "Bilbao ESP"]
[Date "2008.09.05"]
[Round "4"]
[White "Topalov, Veselin"]
[Black "Anand, Viswanathan"]
[Result "1-0"]
[WhiteElo "2777"]
[BlackElo "2798"]
[PlyCount "49"]
[EventDate "2008.09.02"]
[EventType "tourn"]
[EventRounds "10"]
[EventCountry "ESP"]
[EventCategory "21"]
[Source "Mark Crowther"]
[SourceDate "2008.01.14"]

{E15: Damenindisch (Hauptfortsetzung, Abweichungen)} 1. d4 Nf6 2. c4 e6 3. Nf3
b6 4. g3 Ba6 5. Qc2 Bb7 6. Bg2 c5 7. d5 exd5 8. cxd5 Nxd5 9. O-O Be7 10. Rd1
Qc8 11. a3 Nf6 12. Bg5 $146 (12. Nc3 d5 13. Bg5 Nbd7 (13... d4 14. Bxf6 gxf6
15. Ne4 O-O 16. Rac1 Qe6 17. Nh4 Bc6 18. Nd2 Bxg2 19. Nxg2 Bd6 20. Nf3 Nc6 21.
e3 Ne5 22. Nfh4 Rac8 23. Nf4 Qg4 24. h3 Qd7 25. Nh5 Qxh3 26. Qf5 Qxf5 27. Nxf5
Rfd8 28. exd4 {Rodshtein,M (2517)-Pashikian,A (2527)/Yerevan 2006/1-0}) 14. e4
d4 15. e5 Nxe5 16. Nxe5 Bxg2 17. Qa4+ Nd7 18. Bxe7 Kxe7 19. Re1 Nxe5 20. Rxe5+
Kf8 21. Kxg2 dxc3 22. bxc3 g6 23. Rae1 Kg7 24. Re7 Qf5 25. Qc4 Rhd8 26. R1e5
Qf6 {Kramnik,V (2788)-Leko,P (2741)/Moscow RUS 2008/1/2-1/2}) 12... d5 (12...
h6 $5 13. Bxf6 Bxf6 $11) 13. Bxf6 $14 Bxf6 14. Nc3 Bxc3 15. bxc3 (15. Qxc3 $143
O-O $15) 15... Na6 16. Nh4 g6 17. Bxd5 Bxd5 18. Rxd5 O-O 19. Rad1 Nc7 20. Rd7
Ne6 21. Qe4 Qe8 (21... c4 $5 22. Qg4 Qc5 $11) 22. Nf3 $16 c4 (22... Nd4 23. Ne5
Nc6 24. f4 Nxe5 25. fxe5 $16) 23. Qh4 Nc5 (23... h5 $142 $5 24. Qf6 Nc5 $18)
24. Re7 $18 Rd8 $2 (24... Qa4 25. Rd6 Qc2 $18 (25... Qxa3 $4 26. Ng5 Qc1+ 27.
Kg2 Qxg5 28. Qxg5 $18)) 25. Rf1 (25. Rf1 Qc6 26. Ng5 $18 h5 27. Nxf7 Rxf7 (
27... Rc8 28. Ne5 Qf6 29. Qxc4+ Kh8 30. Qd4 Rcd8 31. Nf7+ Rxf7 32. Qxd8+ Kh7
33. Rxf7+ Qxf7 $18) 28. Rxf7 Kxf7 29. Qxd8) 1-0

[Event "3. NH"]
[Site "Amsterdam NED"]
[Date "2008.08.30"]
[Round "10"]
[White "L'Ami, Erwin"]
[Black "Korchnoi, Viktor"]
[Result "1-0"]
[WhiteElo "2610"]
[BlackElo "2602"]
[PlyCount "69"]
[EventDate "2008.08.20"]
[EventType "schev"]
[EventRounds "10"]
[EventCountry "NED"]
[Source "Mark Crowther"]
[SourceDate "2008.01.14"]

{A30: Englische Eröffnung (Symmetrische Variante)} 1. Nf3 Nf6 2. c4 b6 3. g3
Bb7 4. Bg2 c5 5. O-O g6 6. Nc3 Bg7 7. Re1 Nc6 8. e4 (8. d4 Nxd4 9. Nxd4 Bxg2
10. Kxg2 cxd4 11. Qxd4 O-O 12. Bg5 Rc8 13. Rad1 Rc5 {Volzhin,A (2556)
-Staniszewski,P (2434)/Zakopane 2000/1/2-1/2}) 8... e5 (8... Ng4 9. d3 d6 10.
Nh4 Nge5 11. f4 Nd7 12. a3 O-O 13. Bd2 Nd4 14. Rb1 e6 15. b4 Qe7 16. Nf3 Nxf3+
17. Bxf3 Rfc8 18. Bg2 Nb8 19. bxc5 Bd4+ 20. Kh1 dxc5 21. Nb5 Bh8 22. e5 Rd8 23.
Nd6 {Kustar,S (2351)-Breder,D (2473)/Budapest 2004/1/2-1/2}) 9. d3 d6 $146 (
9... O-O 10. Nd5 (10. a3 h6 {Szekely,P (2455)-Csom,I (2455)/Budapest 1995/1/
2-1/2}) 10... h6 11. Rb1 d6 12. a3 Nxd5 13. exd5 Ne7 14. b4 Bc8 15. Bb2 f5 16.
Nxe5 dxe5 17. d6 Rb8 18. dxe7 Qxe7 19. f4 e4 20. dxe4 Rd8 21. Qc2 cxb4 22. Bxg7
Qxg7 23. Rxb4 fxe4 24. Bxe4 {Lopushnoy,D (2390)-Mikhaliov,V/Krasnoyarsk 1998/
1-0}) 10. Nd5 h6 11. a3 O-O 12. Bd2 Nxd5 13. cxd5 Ne7 14. b4 Ba6 15. Bc3 f5 16.
bxc5 bxc5 17. Qc2 f4 18. Nd2 Qd7 19. Nc4 f3 20. Bf1 g5 21. Bd2 g4 22. Qc3 Rfb8
23. Reb1 Kh7 24. Qa5 Bc8 $2 (24... Bxc4 $142 25. dxc4 h5 $11) 25. d4 $18 cxd4
26. Bb4 Ng6 27. Bxd6 Rxb1 28. Rxb1 Bf6 $2 (28... h5 $142 $5 $18) 29. Bc7 (29.
Nb6 Bd8 30. Nxd7 Bxa5 31. Nxe5 Nxe5 32. Bxe5 Bb6 $18) 29... Qg7 30. Nd6 Bd7 (
30... Bg5 31. Nxc8 Rxc8 32. d6 $18) 31. Rb7 (31. Bb8 a6 $18) 31... Nf8 32. Rxa7
(32. Qa6 Kg8 $18) 32... Rxa7 33. Qxa7 Qg5 $2 (33... h5 $142 $18) 34. Nc4 Bg7 (
34... Qg7 35. Bd6 Ng6 $18) 35. Bd6 (35. Bd6 Kg8 36. Bxf8 Bxf8 37. Qxd7 $18) 1-0

[Event "9.TIM"]
[Site "Montreal CAN"]
[Date "2008.08.28"]
[Round "5"]
[White "Zugic, Igor"]
[Black "Nakamura, Hikaru"]
[Result "1-0"]
[WhiteElo "2457"]
[BlackElo "2697"]
[PlyCount "77"]
[EventDate "2008.08.24"]
[EventType "tourn"]
[EventRounds "9"]
[EventCountry "CAN"]
[EventCategory "13"]
[Source "Mark Crowther"]
[SourceDate "2008.01.14"]

{D02: Damenbauernspiele} 1. Nf3 d5 2. d4 c6 3. Bf4 Nf6 4. c3 Nh5 5. Bg3 (5. Bc1
g6 6. e3 Bg7 7. c4 Nf6 8. Nc3 O-O 9. Be2 dxc4 10. Bxc4 Bg4 11. O-O Nbd7 12. h3
Bxf3 13. Qxf3 e5 14. Rd1 Qe7 15. a3 Rad8 16. Ba2 Nb6 17. b4 Nfd5 18. Nxd5 Nxd5
19. Bb2 exd4 {Onkoud,A (2406)-Barsov,A (2521)/France 2007/1/2-1/2}) 5... g6
$146 (5... Nxg3 6. hxg3 Bf5 (6... g6 7. e3 Bg7 8. c4 c5 9. cxd5 cxd4 10. Nxd4
Qxd5 11. Nc3 Qd8 12. Qa4+ Nd7 13. O-O-O O-O 14. Be2 Nb6 15. Qa5 Qc7 16. Kb1 Bd7
17. Rc1 Rfc8 18. Bf3 Nc4 19. Qxc7 Rxc7 20. Rcd1 Na3+ 21. Ka1 {Balogh,T (2447)
-Magem Badals,J (2528)/Batumi 1999/0-1}) 7. Qb3 Qc7 8. Nbd2 h6 9. e4 dxe4 10.
Ng5 e6 11. Ngxe4 Nd7 12. O-O-O O-O-O 13. Re1 Be7 14. Be2 Nf6 15. Nxf6 Bxf6 16.
f4 Bg6 17. Bf3 Rhe8 18. Be4 Bxe4 19. Rxe4 Qb6 20. Rhe1 {Laundy,P-Bridger,M/
London 2000/1/2-1/2}) 6. Nbd2 Bg7 7. e3 (7. e4 O-O $11) 7... Nd7 8. Bh4 h6 9.
g4 Nhf6 10. h3 Qb6 11. Qc2 g5 12. Bg3 h5 13. Rg1 (13. gxh5 Nxh5 14. Bh2 f6 $14)
13... hxg4 14. hxg4 Nf8 15. Nxg5 Bxg4 16. Be5 Bh5 17. Bd3 Rg8 (17... Bh6 18. a4
$14) 18. Nh3 Bg4 $2 (18... Bh6 $142 19. Bxf6 Rxg1+ 20. Nxg1 exf6 $16) 19. Bxf6
$18 Bxf6 20. Be2 Bxe2 (20... Bxh3 21. Rxg8 O-O-O 22. Nb3 $18) 21. Rxg8 Ba6 22.
Ng5 (22. O-O-O O-O-O $18) 22... Qb5 23. O-O-O Bxg5 24. Rxg5 Qe2 25. Nb3 Qxc2+
26. Kxc2 b6 27. Rg8 Bc8 28. Rh1 f6 29. Kd2 Kf7 30. Rhh8 Bf5 31. Nc1 c5 (31...
e5 32. dxe5 fxe5 33. f3 $18) 32. Nd3 cxd4 (32... Bxd3 33. Kxd3 c4+ 34. Ke2 $18)
33. exd4 Bxd3 34. Kxd3 Rc8 (34... Rd8 35. f4 e6 36. Rg3 $18) 35. f4 e6 36. a4 (
36. Rg3 Rc7 $18) 36... a5 (36... a6 37. Rg1 Rc7 38. Rhg8 $18) 37. b3 Rd8 (37...
f5 38. Rg3 $18) 38. c4 Re8 (38... dxc4+ 39. Kxc4 e5 40. fxe5 fxe5 41. dxe5 Rc8+
42. Kd5 Rd8+ 43. Kc6 Rc8+ 44. Kb7 Rc3 45. Rxf8+ Ke6 46. Re8+ Kf5 47. Rhf8+ Ke4
$18) 39. c5 (39. c5 bxc5 40. dxc5 $18) 1-0

[Event "Tal Memorial"]
[Site "Moscow RUS"]
[Date "2008.08.20"]
[Round "3"]
[White "Morozevich, Alexander"]
[Black "Kramnik, Vladimir"]
[Result "1-0"]
[WhiteElo "2788"]
[BlackElo "2788"]
[PlyCount "61"]
[EventDate "2008.08.18"]
[EventType "tourn"]
[EventRounds "9"]
[EventCountry "RUS"]
[EventCategory "20"]
[Source "Mark Crowther"]
[SourceDate "2008.01.14"]

{D45: Damengambit (Anti-Meraner Variante)} 1. d4 d5 2. c4 c6 3. Nc3 Nf6 4. e3
e6 5. Nf3 Nbd7 6. Qc2 Bd6 7. g4 Nxg4 8. Rg1 Nxh2 9. Nxh2 Bxh2 10. Rxg7 Nf8 11.
Rg2 Bd6 12. e4 (12. Bd2 Bd7 13. O-O-O a6 14. e4 Rc8 15. Re1 Be7 16. f4 b5 17.
c5 dxe4 18. Nxe4 f5 19. Nd6+ Bxd6 20. cxd6 Kf7 21. Kb1 Rg8 22. Rxg8 Kxg8 23.
Qc5 Ng6 24. Bd3 a5 25. Bc2 a4 26. Rg1 Ra8 {Garcia Ilundain,D (2420)-Illescas
Cordoba,M (2555)/Leon 1992/0-1}) 12... Ng6 $146 (12... dxe4 13. Qxe4 Bd7 14. c5
Be7 15. Bf4 Ng6 16. Bh2 f5 17. Qe3 Bf6 18. O-O-O Kf7 19. Be2 Qf8 20. Bh5 Qg7
21. Ne2 Rhg8 22. Bd6 Be7 23. Be5 Bf6 24. Nf4 Qh8 25. Rh2 Qg7 26. Nxg6 {Dang
Bich Ngoc (2192)-Pham Bich,N (2111)/Phu Quoc 2007/1-0}) (12... dxc4 13. Bxc4
Ng6 14. Be3 Nh4 15. Rg4 h5 16. Rxh4 Qxh4 17. O-O-O Bf4 18. e5 Qg5 19. Ne4 Bxe3+
20. Kb1 Qe7 21. fxe3 Bd7 22. Rf1 Kd8 23. Nd6 f5 24. Nxb7+ Kc7 25. Nc5 Bc8 26.
Qa4 a5 27. Rc1 {Niemann,P (2091)-Singh,M (1736)/Dortmund 2006/1-0}) 13. Bg5 Be7
14. Bxe7 Qxe7 15. O-O-O dxe4 16. Nxe4 f5 17. Nd2 c5 18. dxc5 (18. Qb3 cxd4 19.
Nf3 e5 $11) 18... Bd7 $11 19. b4 O-O-O 20. Rg3 e5 (20... Rhg8 21. Nf3 $11) 21.
Rd3 Be6 (21... e4 $5 22. Rd6 Ne5 $11) 22. Ra3 $14 a6 (22... Qd7 23. Rxa7 Kb8
24. Ra3 $14) 23. c6 bxc6 (23... Qxb4 24. cxb7+ Kc7 25. Rxa6 $18) 24. c5 $16 Qg5
$2 (24... Qh4 $142 25. Qa4 Bd5 26. Qxa6+ Kd7 $18) 25. Rxa6 $18 Kd7 26. Bc4 Bxc4
27. Qxc4 Ne7 $4 (27... Ke8 28. Qe6+ Qe7 29. Qxc6+ Kf7 $18) 28. Kc2 (28. Qf7
$142 $5 Kc8 29. Ra7 Rhf8 30. Qe6+ Kb8 31. Rxe7 Qf6 32. Qxf6 Rxf6 $18) 28... Ke8
29. Nf3 Qf6 (29... Qg8 30. Rxd8+ Kxd8 31. Qd3+ Qd5 32. Nxe5 Qxd3+ 33. Kxd3 $18)
30. Rd6 $1 Rxd6 31. cxd6 (31. cxd6 Qxd6 32. Ra8+ Kd7 33. Rxh8 $18) 1-0

[Event "2. FIDE GP"]
[Site "Sochi RUS"]
[Date "2008.08.12"]
[Round "11"]
[White "Aronian, Levon"]
[Black "Gelfand, Boris"]
[Result "1-0"]
[WhiteElo "2737"]
[BlackElo "2720"]
[PlyCount "51"]
[EventDate "2008.07.31"]
[EventType "tourn"]
[EventRounds "13"]
[EventCountry "RUS"]
[EventCategory "19"]
[Source "Mark Crowther"]
[SourceDate "2008.01.14"]

{E15: Damenindisch (Hauptfortsetzung, Abweichungen)} 1. d4 Nf6 2. c4 e6 3. Nf3
b6 4. g3 Ba6 5. b3 Bb4+ 6. Bd2 Be7 7. Bg2 c6 8. Bc3 d5 9. Ne5 Nfd7 10. Nxd7
Nxd7 11. Nd2 O-O 12. O-O Rc8 13. e4 c5 14. exd5 exd5 15. dxc5 dxc4 16. cxb6
Nxb6 17. Re1 cxb3 18. Qxb3 Nd7 19. Nf3 (19. Ne4 Nc5 20. Nxc5 Bxc5 21. Rad1 Qb6
22. Qxb6 {1/2-1/2 Mamedyarov,S (2742)-Kramnik,V (2788)/Moscow RUS 2008/The
Week in Chess 721}) 19... Bc4 20. Qb2 Bf6 $146 (20... Nc5 21. Bxg7 Nd3 22. Bxf8
Nxb2 23. Bxe7 Qb6 24. Ne5 Be6 25. Re2 Nc4 26. Rae1 Nxe5 27. Rxe5 h6 28. R5e2
Qd4 29. h4 Rc4 30. Ba3 Qd3 31. Bb2 Rc2 32. Bf1 Rxe2 33. Rxe2 Qb1 34. Bc3 Qc1
35. Bb4 {Ivanchuk,V (2787)-Leko,P (2755)/Moscow 2007/EXT 2008/1/2-1/2 (215)})
21. Bxf6 Nxf6 22. Ne5 Bd5 23. Rad1 Qa5 24. Bxd5 Nxd5 25. Nd7 Rfd8 $4 (25...
Rfe8 $142 26. Re5 Qb4 $14) 26. Qe5 $18 (26. Qe5 Qxa2 27. Rxd5 $18) 1-0

[Event "Britische Meisterschaft"]
[Site "Liverpool"]
[Date "2008.08.04"]
[Round "7.15"]
[White "Surtees, Michael"]
[Black "Houska, Jovanka"]
[Result "1-0"]
[WhiteElo "2182"]
[BlackElo "2405"]
[PlyCount "45"]
[EventDate "2008.07.??"]
[Source "Mark Crowther"]
[SourceDate "2008.01.14"]

{B10: Caro-Kann-Verteidigung} 1. e4 c6 2. Ne2 d5 3. e5 c5 4. b4 cxb4 5. d4 Nc6
6. a3 e6 (6... f6 7. Nf4 fxe5 8. Qh5+ g6 9. Nxg6 Nf6 10. Qh4 Nxd4 11. Nxe5
Nxc2+ 12. Kd1 Bd7 13. Ra2 Ba4 14. axb4 Ne3+ 15. Ke1 Nxf1 16. Rxa4 Qc7 17. Qf4
Qc2 18. Ra1 Rc8 19. Ba3 Bh6 20. Qxh6 Qe4+ 21. Kxf1 {Bertholee,R (2335)-Peelen,
P (2390)/Amstelveen 1994/1-0}) (6... bxa3 7. c3 e6 8. Nf4 Nge7 9. Bxa3 Ng6 10.
Nh5 Bd7 11. Bd3 Bxa3 12. Nxa3 O-O 13. O-O f6 14. exf6 gxf6 15. Qb1 f5 16. Qxb7
Rb8 17. Qa6 Rb6 18. Qa4 Qg5 19. Qd1 f4 20. Be2 Nh4 21. Bg4 {Surtees,M-Arkell,K
(2521)/Bradford 2002/0-1}) 7. axb4 Bxb4+ 8. c3 Ba5 $146 (8... Be7 9. Ng3 Bd7
10. h4 f5 11. Bd3 a6 12. Nd2 Nh6 13. Nf3 Nf7 14. Qb3 Qc7 15. O-O Na5 16. Qb1
Nc4 17. Bxc4 dxc4 18. d5 exd5 19. Re1 Nd8 20. Nxf5 Bxf5 21. Qxf5 g6 22. Qg4 Qb6
23. Nd4 {Richmond,P (2190)-Lee,G (2319)/England 1999/1-0}) 9. Ng3 Nge7 10. Nh5
O-O 11. Bg5 Qc7 (11... h6 $5 12. Bd2 Kh8 $11) 12. Rxa5 $14 Qxa5 13. Nxg7 f5 (
13... Kxg7 14. Bf6+ Kg8 (14... Kh6 15. Qc1+ Kh5 16. Qg5#) 15. Qg4+ Ng6 16. Qh5
Nxd4 17. Bd3 Qa2 18. O-O Ne2+ 19. Bxe2 Qxe2 20. Qh6 $18) 14. Nh5 Ng6 15. Nf6+
Kh8 $2 (15... Rxf6 $142 16. exf6 e5 17. dxe5 Ngxe5 18. Qh5 $14) 16. Nxh7 $1 $18
Qc7 (16... Kxh7 17. Qh5+) 17. Nxf8 Nxf8 18. Bf6+ Kg8 19. g4 f4 20. Bd3 b5 (
20... Bd7 21. Qf3 Ne7 22. Bxe7 Bb5 $18) 21. g5 b4 (21... Bb7 22. Qh5 Nh7 $18)
22. Qh5 Ne7 23. g6 (23. g6 Nexg6 24. Bxg6 Nh7 25. Bxh7+ Kf8 (25... Qxh7 26.
Qe8#) 26. Bg8 Bb7 27. Qh8 Ke8 28. Bxe6#) (23. Qh8+ Kf7 24. Qg7+ Ke8 25. Bb5+
Nc6 26. Bxc6+ Qd7 27. Qe7#) 1-0

[Event "2. FIDE GP"]
[Site "Sochi RUS"]
[Date "2008.08.03"]
[Round "5"]
[White "Radjabov, Teimour"]
[Black "Cheparinov, Ivan"]
[Result "1-0"]
[WhiteElo "2744"]
[BlackElo "2687"]
[PlyCount "75"]
[EventDate "2008.07.31"]
[EventType "tourn"]
[EventRounds "13"]
[EventCountry "RUS"]
[EventCategory "19"]
[Source "Mark Crowther"]
[SourceDate "2008.01.14"]

1. d4 d5 2. c4 c6 3. Nc3 Nf6 4. Nf3 e6 5. Bg5 h6 6. Bh4 dxc4 {D43: Damengambit
(Moskauer Variante)} 7. e4 g5 8. Bg3 b5 9. Ne5 Bb7 10. h4 g4 11. Nxg4 Nbd7 12.
Nxf6+ Qxf6 (12... Nxf6 13. Qf3 Rg8 14. Be2 a6 15. Rd1 Nd7 16. O-O Qf6 17. Qe3
O-O-O 18. b3 cxb3 19. axb3 Be7 20. Rc1 Qh8 21. Bh2 Qg7 22. Bf3 e5 23. Nd5 Bd6
24. Qc3 Rde8 25. Qa5 Re6 26. Rxc6+ Bxc6 27. Rc1 {Gelfand,B (2723)-Alekseev,E 
(2711)/Dagomys RUS 2008/1-0}) 13. Be2 $146 (13. Qd2 Rg8 (13... O-O-O 14. h5 Bg7
15. O-O-O Qe7 16. Qe3 e5 17. dxe5 Bxe5 18. Bxe5 Nxe5 19. Be2 Nd3+ 20. Bxd3 cxd3
21. Rxd3 Rxd3 22. Qxd3 Qg5+ 23. Qd2 Qxg2 24. Rd1 Qg5 25. f4 Qxh5 26. Qd7+ Kb8
27. e5 Qf3 {Gelfand,B (2737)-Najer,E (2634)/Odessa 2008/1/2-1/2}) 14. O-O-O Nb6
15. Qe3 b4 16. e5 Qf5 17. Ne4 O-O-O 18. Be2 c5 19. dxc5 Qxe4 20. Rxd8+ Kxd8 21.
Qxe4 Bxe4 22. cxb6 axb6 23. Rd1+ Kc8 24. Rd4 Bxg2 25. Rxc4+ Bc5 26. Rf4 b3 27.
a3 Bd5 {Bocharov,D (2569)-Vitiugov,N (2617)/Dagomys RUS 2008/1-0}) 13... O-O-O
14. e5 Qf5 15. a4 b4 (15... Rg8 $5 16. axb5 cxb5 17. Rxa7 Bxg2 $11) 16. Bxc4
$14 Nc5 (16... Rg8 $5 17. Bd3 Qg4 $14) (16... bxc3 17. Bd3 cxb2 18. Rb1 Bb4+
19. Kf1 Qxd3+ 20. Qxd3 $18) 17. Ne2 $16 Rg8 18. O-O Be7 19. Qc1 Ne4 20. Ba6 Kb8
(20... Bxa6 21. Qxc6+ Kb8 22. Qxa6 $18) 21. Bxb7 Kxb7 22. a5 Rc8 23. a6+ Kb8
24. Qxh6 $4 (24. Qe3 $142 $16) 24... Ng5 $15 25. d5 Rg6 26. Qxg6 Qxg6 27. d6
Bd8 28. hxg5 Bb6 29. Rfd1 Qxg5 30. Rac1 Qg4 31. d7 Rd8 32. Kf1 Kc7 33. Rd6 Rxd7
$4 (33... c5 $142 34. Rcd1 c4 $15) 34. Rcxc6+ $18 Kd8 35. f3 Qh5 36. Rxb6 Qh1+
37. Ng1 Rxd6 (37... Kc8 38. Rxd7 Kxd7 39. Rxb4 $18) 38. exd6 (38. exd6 Qh6 (
38... axb6 39. a7 Kd7 40. a8=Q e5 41. Bxe5 Qh4 42. Qa4+ Ke6 43. Qe8+ Kd5 44. d7
Kc5 45. d8=Q $18) 39. Rb8+ Kd7 40. Rb7+ Kc6 41. d7 Qc1+ 42. Be1 $18) 1-0

[Event "41. Festival GM"]
[Site "Biel "]
[Date "2008.07.31"]
[Round "10"]
[White "Alekseev, Evgeny"]
[Black "Pelletier, Yannick"]
[Result "1-0"]
[WhiteElo "2708"]
[BlackElo "2569"]
[PlyCount "85"]
[EventDate "2008.07.20"]
[EventType "tourn"]
[EventRounds "10"]
[EventCountry "SUI"]
[EventCategory "18"]
[Source "Mark Crowther"]
[SourceDate "2008.01.14"]

{D81: Grünfeld-Verteidigung (Botwinnik-Variante)} 1. d4 Nf6 2. c4 g6 3. Nc3 d5
4. Qb3 dxc4 5. Qxc4 Bg7 6. e4 O-O 7. Be2 a6 (7... Nfd7 8. Be3 Nb6 9. Qc5 f5 (
9... e5 10. Nf3 N8d7 11. Qa3 exd4 12. Bxd4 Bxd4 13. Nxd4 Qg5 14. O-O Qc5 15.
Qxc5 Nxc5 16. Rfd1 c6 17. Rd2 a5 18. Rad1 Rd8 19. f4 Ne6 20. g3 Nxd4 21. Rxd4
Rxd4 22. Rxd4 Kf8 23. e5 Be6 24. a3 {Moiseenko,A (2643)-Rodshtein,M (2614)/
Maalot-Tarshiha ISR 2008/1/2-1/2}) 10. Nh3 N8d7 11. Qa3 Nf6 12. Qb3+ e6 13.
exf5 gxf5 14. O-O a5 15. Rad1 a4 16. Qc2 Nfd5 17. Bg5 Qd6 18. Qc1 Bd7 19. Nf4
Bc6 20. Nh5 {Yakovich,Y (2596)-Sakaev,K (2665)/St Petersburg 2004/1/2-1/2}) 8.
Be3 b5 $146 (8... Nbd7 9. e5 Nb6 10. exf6 Nxc4 11. fxg7 Kxg7 12. Bxc4 Qd6 13.
Nge2 b5 14. Bd3 Bb7 15. O-O e6 16. Rac1 Rac8 17. Rfd1 f5 18. Bf4 Qe7 19. Re1 g5
20. Be5+ Kg8 21. Ng3 g4 22. a3 h5 23. Nxh5 {Epishin,V (2587)-Anton Guijarro,D 
(1957)/Parla 2007/1-0}) 9. Qb3 Bb7 (9... Nc6 10. d5 b4 11. Na4 $11) 10. f3 Nfd7
11. Nh3 Nc6 12. Rd1 Nb6 13. d5 Na5 14. Qc2 Nac4 15. Bxc4 Nxc4 16. Bc5 Re8 17.
O-O Qc8 18. b3 Nd6 19. Nf4 c6 20. Kh1 Be5 21. Nfe2 Qc7 22. dxc6 Bxc6 23. Bd4
Bxd4 24. Rxd4 Rac8 25. Qd2 Red8 26. Rd1 Nb7 27. Qe3 Rxd4 28. Nxd4 Rd8 29. h4 b4
30. Nxc6 Rxd1+ 31. Nxd1 Qxc6 32. Qd4 Qc2 33. Kh2 Nd6 34. Ne3 Qf2 (34... Qc3
$142 $5 35. Qa7 Qe5+ 36. Kh3 Qe6+ 37. Kg3 Qe5+ 38. Kh3 Qe6+ 39. Kh2 Qe5+ 40.
Kh3 $11) 35. Nf5 $16 Qxd4 36. Nxd4 Nb5 37. Nc6 a5 38. Nxe7+ Kf8 39. Nc6 Nc3 40.
Nxa5 Nxa2 41. Kg3 Ke7 42. Kf4 Kd6 $2 (42... Ke6 $142 $18) 43. Kg5 (43. Kg5 Ke7
44. Kh6 $18) 1-0

[Event "Politiken Cup"]
[Site "Helsingor DEN"]
[Date "2008.07.24"]
[Round "7"]
[White "Hillarp Persson, Tiger"]
[Black "Kurmann, Oliver"]
[Result "0-1"]
[WhiteElo "2526"]
[BlackElo "2394"]
[PlyCount "84"]
[EventDate "2008.07.??"]
[EventType "swiss"]
[EventRounds "10"]
[EventCountry "DEN"]
[Source "Mark Crowther"]
[SourceDate "2008.01.14"]

{A00: Unregelmäßige Eröffnungen} 1. g3 d5 2. Bg2 e5 3. d3 Nf6 4. Nf3 Bd6 5. O-O
Bg4 (5... h6 6. e4 O-O 7. Nbd2 Nc6 8. c3 a5 9. b3 Re8 10. Qc2 dxe4 11. dxe4 Bc5
12. Nc4 Qe7 13. a3 Rd8 14. Rb1 Qe6 15. h3 a4 16. Re1 axb3 17. Qxb3 b6 18. Bf1
Nxe4 19. Rxe4 Qf5 20. Ncxe5 {Lima,D (2475)-Sion Castro,M (2435)/Elgoibar 1997/
0-1}) 6. h3 Bh5 $146 (6... Be6 7. Na3 (7. Ng5 Bd7 8. c4 h6 9. Nf3 dxc4 10. dxc4
Nc6 11. b3 Qe7 12. e3 O-O-O 13. Bb2 g5 14. a3 g4 15. hxg4 Bxg4 16. Qc2 Bxf3 17.
Bxf3 e4 18. Bxf6 Qxf6 19. Bg4+ Kb8 20. Nd2 Qg7 21. Bh3 f5 {Szuk,B (2310)-Jusic,
Z (2305)/Gyor 1992/0-1}) 7... Qd7 8. Ng5 Bf5 9. e4 Bxa3 10. exf5 Bd6 11. g4 h6
12. Nf3 Nc6 13. a3 e4 14. Nd2 O-O-O 15. c4 exd3 16. cxd5 Nd4 17. Nc4 Ne2+ 18.
Kh1 h5 19. g5 Ng4 20. Qxd3 Rde8 21. Bd2 {Shoker,S (2398)-Rej,T (2257)/Yerevan
2006/1-0}) 7. Nc3 c6 8. e4 dxe4 9. dxe4 O-O 10. Qe1 a5 11. Nh4 Na6 12. Nf5 Bc5
13. Bg5 h6 14. Bh4 Kh7 15. Qc1 Bg6 16. Rd1 Qb6 17. g4 Ng8 18. Rd7 Rfb8 (18...
Bxf5 19. exf5 Nf6 20. Na4 $14) 19. Na4 Qb4 20. b3 Qa3 21. Qd2 Bb4 22. c3 b5 (
22... Bc5 $142 $16) 23. Nb2 $4 (23. cxb4 $142 bxa4 24. Qc3 $18) 23... Nc5 $15
24. cxb4 Nxd7 25. Nd3 c5 (25... f6 $5 $17) 26. bxc5 $11 Nxc5 27. Nxe5 Nxb3 28.
Qc3 Qc5 29. Qxb3 Qxe5 30. Rd1 a4 31. Qb4 (31. Qb1 Rc8 $11) 31... Rc8 $15 32.
Bg3 Qc5 33. Qb2 Bxf5 34. exf5 a3 35. Qb3 Ra7 36. Be4 (36. Bd5 $142 $5 Qc2 37.
Qxc2 Rxc2 38. Bb3 $17) 36... Nf6 $19 37. Bb1 Qc4 38. Qe3 $2 (38. Qf3 $142 $19)
38... Rd7 39. Rxd7 (39. Re1 Re8 40. Be5 Qa4 $19) 39... Qc1+ 40. Qxc1 (40. Kg2
Qxe3 41. fxe3 Nxd7 42. Be4 $19) 40... Rxc1+ 41. Kg2 Nxd7 42. Be4 Nf6 (42... Nf6
43. Bf3 Rc2 $19) 0-1